000
00315nam a22001457a 4500
005
20160629172813.0
008
160629b xxu||||| |||| 00| 0 eng d
041
_a
eng
082
_b
10887
245
_a
Shivani Eng. Question Bank
260
_b
Shivani
300
_a
245
650
_a
Management
_9
241
942
_c
BK
999
_c
4797
_d
4795